| 000 | 00897cam a22002657i 4500 | ||
|---|---|---|---|
| 005 | 20160116050534.0 | ||
| 008 | 021129s2000 enkab b 001 0 eng d | ||
| 015 | _aGBA0-Y0894 | ||
| 020 | _a1853836990 | ||
| 040 |
_aUKM _cUKM _dC#P _dAGL _dWAU _dKUT _dDLC _dCO-BoIAVH |
||
| 041 | _aeng | ||
| 042 | _apcc | ||
| 082 | 0 | 4 |
_a333.95 _bR78r |
| 245 | 0 | 4 |
_aThe root causes of biodiversity loss / _cedited by Alexander Wood, Pamela Stedman-Edwards, and Johanna Mang. |
| 260 |
_aLondon ; _bWWF _c2000. |
||
| 300 |
_axvi, 399 p. : _bill., maps ; _c24 cm. |
||
| 650 | 1 | 4 | _aDegradación ambiental |
| 650 | 2 | 4 | _aDiversidad biológica |
| 650 | 0 | _aExtinction (Biology) | |
| 700 | 1 |
_aWood, Alexander, _eeditor. |
|
| 700 | 1 |
_aStedman-Edwards, Pamela, _eeditor. |
|
| 700 | 1 |
_aMang, Johanna, _eeditor. |
|
| 710 | 2 | _aWorld Wide Fund for Nature | |
| 942 |
_2ddc _cLIBRO |
||
| 999 |
_c5674 _d5674 |
||